Songs by Decade - Statistics

General Stats
  • This quiz has been taken 47 times
  • The average score is 15 of 25
Answer Stats
Hint Extra Hint Answer % Correct
Poker Face Lady Gaga 2000s
85%
Smells Like Teen Spirit Nirvana 1990s
79%
Thriller Michael Jackson 1980s
77%
All I Want For Christmas Is You Mariah Carey 1990s
74%
Hound Dog Elvis Presley 1950s
72%
Here Comes The Sun The Beatles 1960s
72%
Respect Aretha Franklin 1960s
69%
Bohemian Rhapsody Queen 1970s
69%
Imagine John Lennon 1970s
67%
Heroes David Bowie 1970s
67%
Time After Time Cyndi Lauper 1980s
67%
When Doves Cry Prince 1980s
67%
Ironic Alanis Morissette 1990s
62%
Hey Ya! Outkast 2000s
59%
Highway to Hell AC/DC 1970s
56%
99 Luftballons Nena 1980s
56%
Roll Over Beethoven Chuck Berry 1950s
51%
Candle In The Wind Elton John 1970s
51%
All Along The Watchtower Jimi Hendrix 1960s
49%
The Twist Chubby Checker 1950s
46%
How Will I Know Whitney Houston 1980s
46%
Funkytown Lipps Inc. 1970s
33%
Tequila The Champs 1950s
31%
My Way Frank Sinatra 1960s
31%
I Want You Back Jackson 5 1960s
26%
No matching quizzes found
Score Distribution
Percent of People with Each Score
Percentile by Number Answered
Your Score History
You have not taken this quiz